header

The Rhine (Record no. 243387)

MARC details
000 -LEADER
fixed length control field 01495nam a2200373Ia 4500
100 1# - MAIN ENTRY--AUTHOR NAME
Personal name Cioc, Mark.
245 14 - TITLE STATEMENT
Title The Rhine
260 ## - PUBLICATION, DISTRIBUTION, ETC. (IMPRINT)
Place of publication Seattle :
Name of publisher University of Washington Press,
Year of publication c2002.
300 ## - PHYSICAL DESCRIPTION
Number of Pages xiii, 263 p. :
Other physical details ill., maps.
490 1# - SERIES STATEMENT
Series statement Weyerhaeuser environmental books
650 #0 - SUBJECT ADDED ENTRY--TOPICAL TERM
Topical Term Human beings
Topical Term River engineering
Topical Term Rivers
Topical Term Stream ecology
856 40 - ELECTRONIC LOCATION AND ACCESS
Uniform Resource Identifier http://site.ebrary.com/lib/rucke/Doc?id=10438026

No items available.

© 2026 Rongo University
Contact us: librarian | system librarian | Rongo university